Statistics for Nine Inch Nails Charting Songs (Billboard Hot 100)

Click here to take the quiz!

General Stats

  • This quiz has been taken 12 times
  • The average score is 4 of 8

Answer Stats

AlbumWeeks OnPeakSong% Correct
The Downward Spiral22 Weeks#41Closer
91%
The Downward Spiral3 Weeks#59March of the Pigs
73%
With Teeth8 Weeks#90Only
64%
With Teeth20 Weeks#31The Hand That Feeds
55%
Lost Highway9 Weeks#46The Perfect Drug
45%
Year Zero1 Week#68Survivalism
45%
With Teeth1 Week#56Every Day Is Exactly the Same
36%
The Fragile5 Weeks#17The Day the World Went Away
27%

Score Distribution

Percentile by Number Answered

Percent of People with Each Score

Your Score History

You have not taken this quiz